Fundraising for youth: (Record no. 14827)

000 -LEADER
fixed length control field 00762nam a2200193 a 4500
001 - CONTROL NUMBER
control field :::00012661$&:&@@
003 - CONTROL NUMBER IDENTIFIER
control field OkBaRHE
005 - DATE AND TIME OF LATEST TRANSACTION
control field 20000607103421.0
008 - FIXED-LENGTH DATA ELEMENTS--GENERAL INFORMATION
fixed length control field s1985 j 000 0 eng u
040 ## - CATALOGING SOURCE
Transcribing agency
100 1# - MAIN ENTRY--PERSONAL NAME
Personal name Ross, Dorthy M.
245 10 - TITLE STATEMENT
Title Fundraising for youth:
Remainder of title hundreds of wonderful ways of raising funds for youth organizations.
Statement of responsibility, etc Illustrated by Bill Gray.
260 ## - PUBLICATION, DISTRIBUTION, ETC. (IMPRINT)
Place of publication, distribution, etc Colorado Springs, CO., :
Name of publisher, distributor, etc Meriwether Publishing
Date of publication, distribution, etc c1985
300 ## - PHYSICAL DESCRIPTION
Extent 242 p. : illus. ;
Dimensions 21 cm.
650 ## - SUBJECT ADDED ENTRY--TOPICAL TERM
Topical term or geographic name as entry element Fund Raising
General subdivision United States
650 ## - SUBJECT ADDED ENTRY--TOPICAL TERM
Topical term or geographic name as entry element Youth
General subdivision United States
-- Societies and Clubs
942 ## - ADDED ENTRY ELEMENTS (KOHA)
Source of classification or shelving scheme
Koha item type Books
Copies
Copy number Damaged status Date acquired Not for loan Total Checkouts Price effective from Koha item type Source of classification or shelving scheme Barcode Withdrawn status Shelving location Date last seen Lost status Current Location Date checked out Full call number Permanent Location
1 2010-04-14 12010-04-14Books 12661 General Stacks2010-10-28 RHEMA Bible Training College2010-10-16HV 41 R578RHEMA Bible Training College